Von Indiana Jones bereiste Länder - Statistiken

Allgemein
  • Dieses Quiz wurde 115 mal gespielt
  • Das Durchschnittsergebnis liegt bei 22 aus 30
Antworten auf der Karte
Die Antworten werden auf der Karte rot bzw. grün angezeigt, abhängig davon wie oft sie richtig erraten wurden.
 
Antwortstatistiken
Film Land % Korrekt
Jäger des verlorenen Schatzes Vereinigte Staaten
100%
Der letzte Kreuzzug Vereinigte Staaten
100%
Das Königreich des Kristallschädels Vereinigte Staaten
100%
Das Rad des Schicksals Vereinigte Staaten
100%
Der letzte Kreuzzug Deutschland
97%
Das Königreich des Kristallschädels Brasilien
93%
Der Tempel des Todes China
91%
Jäger des verlorenen Schatzes Ägypten
90%
Jäger des verlorenen Schatzes Indien
90%
Der Tempel des Todes Indien
90%
Der letzte Kreuzzug Italien
90%
Das Rad des Schicksals Italien
90%
Das Königreich des Kristallschädels Mexiko
90%
Das Rad des Schicksals Frankreich
85%
Der letzte Kreuzzug Kanada
85%
Jäger des verlorenen Schatzes Peru
81%
Das Königreich des Kristallschädels Peru
81%
Der letzte Kreuzzug Österreich
79%
Das Königreich des Kristallschädels Vereinigtes Königreich
79%
Der letzte Kreuzzug Türkei
72%
Jäger des verlorenen Schatzes Nepal
62%
Jäger des verlorenen Schatzes Griechenland
57%
Das Rad des Schicksals Griechenland
57%
Das Rad des Schicksals Marokko
57%
Jäger des verlorenen Schatzes Irak
52%
Der letzte Kreuzzug Portugal
45%
Das Königreich des Kristallschädels Kuba
43%
Der Tempel des Todes Honduras
20%
Jäger des verlorenen Schatzes Philippinen
18%
Der Tempel des Todes Madagaskar
12%
Keine übereinstimmenden Quizze gefunden
Verteilung der Resultate
Anzahl Personen mit jedem Resultat
Perzentil nach korrekt beantworteten Fragen
Ihre Resultats-Entwicklung
Sie haben dieses Quiz noch nicht gespielt